THEIR IDEAS TO IMPROVE LIFE FASTER (Record no. 32500)

000 -LEADER
fixed length control field 00355nam a2200145Ia 4500
008 - FIXED-LENGTH DATA ELEMENTS--GENERAL INFORMATION
fixed length control field 201124s9999 xx 000 0 und d
020 ## - INTERNATIONAL STANDARD BOOK NUMBER
International Standard Book Number 9789383046331
082 ## - DEWEY DECIMAL CLASSIFICATION NUMBER
Classification number 650
Item number RAM-T
100 ## - MAIN ENTRY--PERSONAL NAME
Personal name RAMESH KHACHI
245 #0 - TITLE STATEMENT
Title THEIR IDEAS TO IMPROVE LIFE FASTER
250 ## - EDITION STATEMENT
Edition statement 1ST
260 ## - PUBLICATION, DISTRIBUTION, ETC.
Place of publication, distribution, etc. DELHI
Name of publisher, distributor, etc. DPS PUBLISHING HOUSE
Date of publication, distribution, etc. 2017
300 ## - PHYSICAL DESCRIPTION
Extent 520
942 ## - ADDED ENTRY ELEMENTS (KOHA)
Koha item type Book
Holdings
Withdrawn status Lost status Damaged status Not for loan Collection code Permanent Location Current Location Shelving location Date acquired Cost, normal purchase price Total Checkouts Full call number Barcode Date last seen Date last checked out Price effective from Koha item type
        School of Management Maharishi School of Business & Management (Lucknow) Maharishi School of Business & Management (Lucknow) R11S1 2020-11-24 1495.00 1 082 SOM6211 2025-06-09 2025-06-05 2020-11-24 Book

All Rights Reserved@MUIT

Powered by Koha